Guía para padres de niños sordos / (Registro nro. 30841)

Detalles MARC
000 -LEADER
fixed length control field 00641nam a22002177a 4500
003 - CONTROL NUMBER IDENTIFIER
control field OSt
005 - DATE AND TIME OF LATEST TRANSACTION
control field 20241008103814.0
008 - FIXED-LENGTH DATA ELEMENTS--GENERAL INFORMATION
fixed length control field 240930b |||a|||| |||| 00| 0 eng d
020 ## - INTERNATIONAL STANDARD BOOK NUMBER
International Standard Book Number 8425412579
037 ## - SOURCE OF ACQUISITION
Source of stock number/acquisition Donación
040 ## - CATALOGING SOURCE
Original cataloging agency CO-JMCR
Transcribing agency CO-JMCR
Language of cataloging spa
Modifying agency CO-JMCR
Description conventions rda
041 0# - LANGUAGE CODE
Language code of text/sound track or separate title spa
082 04 - DEWEY DECIMAL CLASSIFICATION NUMBER
Classification number 371.912
Item number S96g
Edition number 23
100 1# - MAIN ENTRY--PERSONAL NAME
Personal name Suriá, María Dolores
9 (RLIN) 43867
245 10 - TITLE STATEMENT
Title Guía para padres de niños sordos /
Statement of responsibility, etc. María Dolores Suriá
250 ## - EDITION STATEMENT
Edition statement Segunda edición.
260 ## - PUBLICATION, DISTRIBUTION, ETC.
Place of publication, distribution, etc. Barcelona :
Name of publisher, distributor, etc. Editorial Herder,
Date of publication, distribution, etc. 1982.
300 ## - PHYSICAL DESCRIPTION
Extent 334 páginas :
Other physical details ilustraciones ;
Dimensions 21 cm.
500 ## - GENERAL NOTE
General note Incluye índice.
942 ## - ADDED ENTRY ELEMENTS (KOHA)
Source of classification or shelving scheme Dewey Decimal Classification
Koha item type Books
Existencias
Withdrawn status Lost status Source of classification or shelving scheme Damaged status Not for loan Collection code Home library Current library Shelving location Date acquired Source of acquisition Total Checkouts Full call number Barcode Date last seen Copy number Price effective from Koha item type
    Dewey Decimal Classification     Non-fiction Biblioteca Pública José María del Castillo y Rada Biblioteca Pública José María del Castillo y Rada Book Cart 01/17/2023 Donación   371.912 S96g 201811918 09/30/2024 Ej.1 09/30/2024 Books